000 006370000a22001930004500
090 _aAR
_b01448
245 1 0 _aPlant-pollinator interactions in Hawaii: pollination energetics of Metrosideros collina (<Myrtaceae>)
650 1 4 _aRelación planta-animal
_992861
650 1 4 _aPolinización
_994027
650 1 4 _aCompetencia biológica
_994013
650 1 4 _aBosques
_992270
650 1 4 _aReproducción vegetal
_993561
651 4 _pHawaii
_992749
653 _fMyrtaceae
_gMetrosideros
_eMetrosideros collina
041 0 _aInglés
100 1 _aCarpenter, F. Lynn
_994773
942 _cARTICULO
773 1 _tEcology
_357
_q1125-1144
_d1976
_g57
999 _c10532
_d10532